000 02194nam0a2200385 4500
001 RU\NLR\BIBL_A\022772734
005 20260622110821.0
010 _a978-5-89665-400-1
_9500
021 _aRU
_bКН-П-26-009046
_9КН-П-26-0857
035 _a(NLR Aleph) 022772734
090 _a13733816
_c13733816
100 _a20260401d2025 k y0rusy50 ca
101 0 _arus
102 _aRU
105 _aa z 000zy
181 0 _ai3
_baxxe
182 0 _an
200 1 _aРоль межрегиональной интеграции в пространственном социально-экономическом развитии регионов Восточной Сибири
_eмонография
_fБрюханова Е.А., Гордеев Р.В., Зиязов Д.С. [и др.]
_gпод редакцией д.э.н. Г.И. Поподько
_gФедеральное государственное бюджетное учреждение науки, Институт экономики и организации промышленного производства Сибирского отделения Российской академии наук
203 _aТекст
_bвизуальный
_cнепосредственный
210 _aНовосибирск
_cИзд-во ИЭОПП СО РАН
_d2025
215 _a289 с.
_cил., цв. ил.
_d20
300 _aАвт. указаны на обороте тит. л.
320 _aБиблиогр.: с. 271-280
607 _aСибирь
_xСоциально-экономическое развитие
_2nlr_sh2
_3RU\NLR\AUTH\6601636693
686 1 _aУ03(2Р5)7
701 1 _aБрюханова
_bЕ. А.
_gЕлена Анатольевна
701 1 _aГордеев
_bР. В.
_gРоман Викторович
701 1 _aЗиязов
_bД. С.
702 1 _aПоподько
_bГ. И.
_gГалина Ивановна
_4340
712 0 2 _aИнститут экономики и организации промышленного производства
_cНовосибирск
_3RU\NLR\AUTH\889932312
_4475
942 _cBOOK
980 _aNB